000 00547nam a2200181 4500
001 121502
003 ES-MaACL
005 20230906191748.0
007 t|
008 070214s1969 sp r ||||1| cat d
100 1 _aPlanck, Max.
_992540
245 1 3 _aEl coneixement del món fisic /
_cMax Planck ; traducció de Jaume Gascón i Rodá.
250 _a1ª ed.
260 _aBarcelona :
_bEd. 62,
_c1969.
300 _a394 p., 1 lám. = retr. aut. :
_b20 cm.
700 1 _aGascón i Rodá, Jaume.
_955862
852 _aES-MaACL
_jC-35979
_bR.69173
999 _c121502
_d121502